000 01073nam a22003017a 4500
001 9730
003 FISKH
005 20260130135850.0
008 260130b cb ||||| |||| 00| 0 eng d
020 _a9780439716932
040 _aFISKH
_beng
_cFISKH
_dFISKH
050 _aGV865 .G53 .M45
082 _a796.357
100 _aMellage , Nanette
245 _aComing home :
_bA story of Josh Gibson , baseball's greatest home run hitter /
_cBy Nanette Mellage : Illustrated by Cornelius Van Wright and Ying-Hwa Hu
250 _aFirst Scholastic printing , February 2005
260 _aNew York :
_bScholastic ,
_c2001 .
300 _a32 unnumbered pages :
_bcolor illustrations ;
_c21 X 25 cm .
505 _aU
520 _aBiography of Josh Gibson, member of Negro League baseball team the Homestead Grays.
521 8 _a840
_bLexile AD
521 8 _aU
_bRaz-Plus
650 _aGibson-Josh- 1911-1947
_vJuvenile literature
700 _aWright , Van
_eIllustrator
700 _aHu ,Ying-Hwa
_eIllustrator
942 _2ddc
_cBK
_n0
999 _c9730
_d9730